[Event "IECC KO-2103"]
[Site "IECC email"]
[Date "2009.02.18"]
[Round "?"]
[White "Gang, Chen"]
[Black "Salazar Moran, Alejandro Fortunato"]
[Result "0-1"]
[WhiteElo "1452"]
[BlackElo "1625"]
[PlyCount "74"]
[EventDate "2009.??.??"]
[EventType "match (corr)"]
[EventRounds "2"]
[SourceTitle "Corr 2011"]
[Source "ChessBase"]
[SourceDate "2010.08.31"]
[SourceVersion "1"]
[SourceVersionDate "2010.08.31"]
[SourceQuality "1"]
[WhiteTeam "China"]
[BlackTeam "Ecuador"]
[WhiteTeamCountry "CHN"]
[BlackTeamCountry "ECU"]

1. e4 e5 2. Nf3 Nf6 3. d3 Nc6 4. Be2 Bc5 5. 0-0 0-0 6. Bg5 h6 7. Bh4 g5 8. Bg3 d6 9. Nbd2 Be6 10. Nb3 Bb6 11. Nfd2 a5 12. a4 Qd7 13. Kh1 d5 14. f3 Rad8 15. Bf2 Bxf2 16. Rxf2 b6 17. Kg1 Ne7 18. c3 c5 19. Qc2 Kg7 20. g3 Qc7 21. Raf1 c4 22. Nc1 cxd3 23. Bxd3 g4 24. Ncb3 gxf3 25. Rxf3 dxe4 26. Bxe4 Nxe4 27. Nxe4 f5 28. Ned2 Qc6 29. c4 Qxa4 30. Qc3 Nc6 31. c5 b5 32. Ra1 Qg4 33. Rf4 Qg5 34. Nf3 Qf6 35. Nxa5 Ra8 36. Rfa4 Bd5 37. Nxc6 Rxa4 0-1

[Event "IECC CL5-2009.02 email"]
[Site "IECC email"]
[Date "2009.02.15"]
[Round "?"]
[White "Gang, Chen"]
[Black "D'Aragona, Vittoria"]
[Result "1-0"]
[WhiteElo "1408"]
[BlackElo "1465"]
[PlyCount "59"]
[EventDate "2009.??.??"]
[EventType "tourn (corr)"]
[EventRounds "4"]
[SourceTitle "Corr 2011"]
[Source "ChessBase"]
[SourceDate "2010.08.31"]
[SourceVersion "1"]
[SourceVersionDate "2010.08.31"]
[SourceQuality "1"]
[WhiteTeam "China"]
[BlackTeam "Italy"]
[WhiteTeamCountry "CHN"]
[BlackTeamCountry "ITA"]

1. e4 e6 2. d4 d5 3. Nc3 Nf6 4. e5 Nfd7 5. Nf3 Be7 6. Bd3 0-0 7. h4 f6 8. Be3 Nc6 9. a3 fxe5 10. Nxe5 Ndxe5 11. dxe5 Rf7 12. Bg5 d4 13. Bxe7 Rxe7 14. Ne4 Nxe5 15. f4 Nc6 16. Qh5 Qd5 17. Ng5 g6 18. Qh6 e5 19. Nxh7 exf4+ 20. Kf2 Qf7 21. Bxg6 Qg7 22. Nf6+ Kf8 23. Qg5 Re6 24. Rae1 Qxf6 25. Rxe6 Qxg5 26. Re8+ Kg7 27. hxg5 Kxg6 28. Rhh8 b6 29. Rhg8+ Kh5 30. Rxc8 1-0

[Event "IECC CL5-2009.02 email"]
[Site "IECC email"]
[Date "2009.02.15"]
[Round "?"]
[White "Gang, Chen"]
[Black "Jewell, Barry"]
[Result "1-0"]
[WhiteElo "1426"]
[BlackElo "1465"]
[PlyCount "45"]
[EventDate "2009.??.??"]
[EventType "tourn (corr)"]
[EventRounds "4"]
[SourceTitle "Corr 2011"]
[Source "ChessBase"]
[SourceDate "2010.08.31"]
[SourceVersion "1"]
[SourceVersionDate "2010.08.31"]
[SourceQuality "1"]
[WhiteTeam "China"]
[BlackTeam "Canada"]
[WhiteTeamCountry "CHN"]
[BlackTeamCountry "CAN"]

1. e4 e5 2. Nf3 Nc6 3. Bb5 Nge7 4. 0-0 Ng6 5. d4 exd4 6. Nxd4 Bc5 7. c3 Nxd4 8. cxd4 Be7 9. Nc3 c6 10. Bc4 b5 11. Bd3 0-0 12. f4 d6 13. f5 Nh8 14. Qh5 Bf6 15. Ne2 g6 16. Qf3 Bg5 17. f6 Bg4 18. Qxg4 Bxf6 19. Bh6 Re8 20. Rac1 c5 21. Bxb5 Re6 22. Bc4 d5 23. Bxd5 1-0